[Event "NED-ch U14"]
[Site "Assen"]
[Date "2017.04.27"]
[Round "7"]
[White "Algra, Sake"]
[Black "Tiggelaar, Joas"]
[Result "1-0"]
[WhiteElo "1481"]
[BlackElo "1521"]
[PlyCount "57"]
[EventDate "2017.04.23"]
[EventType "swiss"]
[EventRounds "9"]
[EventCountry "NED"]
[SourceTitle "CBM 178 Extra"]
[Source "ChessBase"]
[SourceDate "2017.06.22"]
[SourceVersion "1"]
[SourceVersionDate "2017.06.22"]
[SourceQuality "1"]

1. e4 e6 2. d4 d5 3. e5 c5 4. c3 Nc6 5. Nf3 Qb6 6. Bd3 Nh6 7. h3 Bd7 8. Be2 Nf5 9. g4 Nfe7 10. a3 Ng6 11. b4 cxd4 12. cxd4 Be7 13. h4 0-0 14. h5 Nh8 15. g5 Qd8 16. Rg1 g6 17. Bd3 Be8 18. Be3 Rc8 19. Nh4 a5 20. b5 Na7 21. a4 Bb4+ 22. Kf1 Be7 23. Qg4 Qd7 24. Rh1 gxh5 25. Bxh7+ Kg7 26. Qxh5 Ng6 27. Qh6+ Kh8 28. Bxg6+ Kg8 29. Qh7# 1-0